00558nam a22001577a 4500020001500000082001600015100002000031245003800051260004800089300002600137500002100163650004400184942000700228999001700235952014800252 a8121927838 a621.381 SED aSedha, R.S. Dr. aA textbook of applied electronics aNew Delhi, IndiabS. Chand & Co. Ltd.c1990 axxii, 1177 p.bill. ; aIncludes index.  a1. Electronic circuits. 2. Electronics. cBK c12646d12646 001040708NFICaCLbCLcGENd2013-12-27eAllied Book Companyg1264.40l2m1o621.381 SEDpSEECS012937r2022-05-23s2016-05-04w2014-01-14yBK